Представление документа в формате MARC21

Поле Инд. ПП Название Значение
Тип записи a
Библиографический уровень m
001 Контрольный номер 738d4a59-8102-4448-bf0e-dc654abdeb06
005 Дата корректировки 20131122100705.9
008 Кодируемые данные 991223 d
020 a ISBN 5-85294-024-0
040 a Служба первич. каталог. НБ ТвГУ
041 a Код языка текста rus
080 a Индекс УДК 008(47+57)(091)(075.8)
084 a Индекс другой классификации/Индекс ББК Т3(2)0-7я731-1
090 c Каталожный индекс Т3(2)0-7я731-1
x Авторский знак Г36
a Полочн. индекс Т3(2)
100 1_ a Автор Георгиева Татьяна Серафимовна
245 0_ a Заглавие Русская культура: история и современность
b Продолж. заглавия Учеб. пособие для студентов вузов
c Ответственность Т.С. Георгиева; Междунар. центр обучающих систем. Междунар. каф.-сеть UNESCO/ICES "Передача технологий для устойчивого развития"
260 0_ a Место издания Москва
b Издательство Юрайт
c Дата издания 1998
300 a Объем 575,[1] с.
504 a Библиография Библиогр.: с.549-571. - Библиогр. в примеч.: с.524-548.
650 a Основная рубрика Русская культура
x Основная подрубрика Учебники для вузов
650 a Основная рубрика Россия
x Основная подрубрика История
653 a Ключевые слова Русская культура
a Ключевые слова История русской культуры
a Ключевые слова История России
a Ключевые слова История культуры
a Ключевые слова Россия
a Ключевые слова Учебники
930 a Новая/Ретро учебники
952 c Вид литературы К ру
954 a Дата поступления на обработку 19990406
999 a Подразделение 2 Каб.УиС